00418nam a2200145Ia 450000100060000000300070000600800410001304000110005424500800006524500520014526000080019726000090020530000150021465300430022913633GE_BSU181216s||||||||xx |||||||||||||| ||und|| cGE_BSU aInternational Political Science Review. volume 35, number 4, September 2014 cGenaral Editors Marian Sawer and Mark Kesselman aUSA c2014 a502p.24cm. ainternational political science review